Score 0/9 Timer 03:00
0 Plays Today
Crime % Correct
Murder (various types)
98.8%
Kidnapping
53.2%
Armed Robbery
51.6%
Narcotics Distribution
47.7%
Arson
39.7%
Money Laundering
15.7%
Racketeering
14.7%
Conspiracy (various types)
11.9%
Unlawful Flight to Avoid Prosecution
3.1%
Remove Ads.
Support Sporcle.
Get the best of Sporcle when you Go Orange. This ad-free experience offers more features, more stats, and more fun while also helping to support Sporcle. Thank you for becoming a member.

You're not logged in!

Compare scores with friends on all Sporcle quizzes.
OR
Log In

Sporcle TV

Today on Sporcle TV


Watch our educational content, quiz creation guides, and fun videos on Sporcle TV.

Show Comments

Extras

Top Quizzes Today


Score Distribution

Paid Content

Your Account Isn't Verified!

In order to create a playlist on Sporcle, you need to verify the email address you used during registration. Go to your Sporcle Settings to finish the process.

Report this User

Report this user for behavior that violates our Community Guidelines.

Details: